| 000 | 00473nam a22001337a 4500 | ||
|---|---|---|---|
| 999 |
_c523386 _d523386 |
||
| 008 | 230816b ||||| |||| 00| 0 eng d | ||
| 100 |
_aGajendragadkar, P.B. _943139 |
||
| 245 | _aThe philosophy of national integration: It's broad imperatives | ||
| 260 | _aJournal of Constitutional and Parliamentary Studies | ||
| 300 | _a 54(1-4), Jan-Dec, 2020: p.45-85 | ||
| 773 | _aJournal of Constitutional and Parliamentary Studies | ||
| 906 | _aINDIA - HISTORY | ||
| 942 | _cAR | ||